Il doge /

সংরক্ষণ করুন:
গ্রন্থ-পঞ্জীর বিবরন
প্রধান লেখক: Palazzeschi, Aldo (লেখক)
অন্যান্য লেখক: De Maria, Luciano, (1928-1993) (ভূমিকা রচয়িতা, ইত্যাদি)
বিন্যাস: গ্রন্থ
ভাষা:ইতালিয়
প্রকাশিত: Milano : A. Mondadori, 1974
মালা:Oscar ; 527
ট্যাগগুলো: ট্যাগ যুক্ত করুন
কোনো ট্যাগ নেই, প্রথমজন হিসাবে ট্যাগ করুন!

MARC

LEADER 00000nam a22000007i 4500
001 IT\ICCU\RAV\0078919
003 ItRI
005 20260115232230.0
008 891130s1974 it |||||| ||||| |||||c
015 |2 IT  |a 751815 
040 |b ita  |c importazione bologna sebina 
041 7 |a ita  |2 ISO-639-2 
082 |a 853.91  |2 18 
100 1 |a Palazzeschi, Aldo  |0 IT\ICCU\CFIV\010556  |4 aut 
240 1 3 |a Il doge  |3 IT\ICCU\UFI\0135592  |9 Palazzeschi, Aldo 
245 1 3 |a Il doge /  |c Aldo Palazzeschi ; introduzione di Luciano De Maria. 
260 |a Milano :  |b A. Mondadori,  |c 1974 
300 |a 198 p. ;  |c 19 cm 
700 1 |a De Maria, Luciano,  |d  (1928-1993)  |0 IT\ICCU\CFIV\012840  |4 aui 
790 1 |a Giurlani, Aldo  |3 IT\ICCU\CFIV\010558  |z Palazzeschi, Aldo 
830 0 |a Oscar ;  |v 527  |0 IT\ICCU\CFI\0000102 
942 |2 ddc  |c BK  |n 0 
952 |0 0  |1 0  |4 0  |6 DOC_853_914000000000000_PAL  |7 0  |9 22514  |a BO  |b BO  |d 2026-01-15  |i 9931  |l 0  |o DOC 853.914 PAL  |p BO9931  |r 2026-01-15 23:22:30  |w 2026-01-15  |x [Sebina 7] [1 v.]  |y BK  |z 1 v. 
999 |c 19224  |d 19224